University Home | Library Home | Institutional Repository

New regionalism and asylum seekers : (Record no. 119158)

MARC details
000 -LEADER
fixed length control field 00684cam a2200205 4500
008 - FIXED-LENGTH DATA ELEMENTS--GENERAL INFORMATION
fixed length control field 130708n 000 0 eng u
020 ## - INTERNATIONAL STANDARD BOOK NUMBER
International Standard Book Number 9781845453442
035 ## - SYSTEM CONTROL NUMBER
System control number (Sirsi) a179642
040 ## - CATALOGING SOURCE
Original cataloging agency CIP
050 ## - LIBRARY OF CONGRESS CALL NUMBER
Classification number HV 640 NEW 2007
245 ## - TITLE STATEMENT
Title New regionalism and asylum seekers :
Remainder of title challenges ahead/
Statement of responsibility, etc. edited by Susan Kneebone and Felicity Rawlings-Sanaei
260 ## - PUBLICATION, DISTRIBUTION, ETC.
Place of publication, distribution, etc. New York :
Name of publisher, distributor, etc. Berghahn Books,
Date of publication, distribution, etc. 2007.
300 ## - PHYSICAL DESCRIPTION
Extent x, 243 p.
440 ## - SERIES STATEMENT/ADDED ENTRY--TITLE
Title Studies in forced migration ; v. 20
504 ## - BIBLIOGRAPHY, ETC. NOTE
Bibliography, etc. note Includes bibliographical references and index
650 ## - SUBJECT ADDED ENTRY--TOPICAL TERM
Topical term or geographic name entry element Political refugees
650 ## - SUBJECT ADDED ENTRY--TOPICAL TERM
Topical term or geographic name entry element Regionalism.
700 ## - ADDED ENTRY--PERSONAL NAME
Personal name Kneebone, Susan
700 ## - ADDED ENTRY--PERSONAL NAME
Personal name Rawlings-Sanaei, Felicity
Holdings
Withdrawn status Lost status Source of classification or shelving scheme Damaged status Not for loan Home library Current library Shelving location Total Checkouts Full call number Barcode Date last seen Copy number Price effective from Koha item type
    Library of Congress Classification     Main Library Main Library On Shelf   HV 640 NEW 2007 33729004886607 08/21/2019 1 08/21/2019 Book
© 2026 - The University of Zambia Library - Koha v25.11